| 000 | 00753nam a2200265Ia 4500 | ||
|---|---|---|---|
| 003 | OSt | ||
| 005 | 20220925225837.0 | ||
| 006 | a|||||r|||| 00| 0 | ||
| 007 | ta | ||
| 008 | 220923b |||||||| |||| 00| 0 eng d | ||
| 020 | _a422 74030 6 | ||
| 037 | _cGeneral Book | ||
| 040 |
_aRTL _cRTL _beng |
||
| 041 |
_2eng _aeng |
||
| 082 | _aSN1, L2 | ||
| 100 |
_aAckoff Russell L _946273 |
||
| 245 | 0 | _aOn purposeful systems | |
| 260 |
_aLondon _bTavistock Publication UK _c1972 |
||
| 300 |
_axii, 288p. _ccm. |
||
| 500 | _aBib at the end of each chapter; Appendix p 265-80 | ||
| 650 | _aPsychology | ||
| 700 |
_a Emery Ered E _9292932 |
||
| 942 |
_hSN1, L2 _cGB _2CC |
||
| 999 |
_c584284 _d584284 |
||